000 00983cam a2200217 4500
001 ##L131810
008 051209n2004 000 0 eng u
020 _a186081719X
035 _a(Sirsi) u131810
041 0 _aeng
050 0 4 _a729.28 $2 18
110 2 _aBRE Environment
_94806
245 0 0 _aLighting
_bnon-domestic
260 _aWatford
_bBRE
_c2004
300 _a8p
_bill, tables
_c30cm
490 0 _aBRE Good Building Guide
_vGBG 61(part 3)
520 _aThe final part of this three part guide describes how to fulfil the lighting requirements of Part L2 of the Building Regulations 2000 in offices, industrial and storage buildings, public houses, hotels and retail premises, and how to follow good practice in energy efficient lighting for specific applications.
650 2 4 _aBUILDING REGULATIONS 2000 APPROVED DOCUMENT L2 (2002 EDITION)
690 _aBUILT ENVIRONMENT-BUILDING ELEMENTS-COMPLETE BUILDING SERVICES ELEMENTS-COMPLETE LIGHTING SYSTEMS
942 _n0
999 _c104846
_d104846